Faïences de France (Record no. 7213)

MARC details
000 -CABECERA
campo de control de longitud fija 00671nam a2200229 a 4500
001 - NÚMERO DE CONTROL
campo de control BRCA_7539
005 - FECHA Y HORA DE LA ÚLTIMA TRANSACCIÓN
campo de control 20190320205858.0
008 - DATOS DE LONGITUD FIJA--INFORMACIÓN GENERAL
campo de control de longitud fija 300513s1954----fr-ad#####---#000-0#fre-#
041 ## - CÓDIGO DE LENGUA
Código de lengua del texto/banda sonora o título independiente fre
044 ## - CÓDIGO DEL PAÍS DE LA ENTIDAD EDITORA/PRODUCTORA
Código MARC del país fr
050 #4 - SIGNATURA TOPOGRÁFICA DE LA BIBLIOTECA DEL CONGRESO
Número de clasificación NK4305
Número de documento/Ítem .T55 1954
100 1# - ENTRADA PRINCIPAL--NOMBRE DE PERSONA
Nombre de persona Tilmans, Emile
9 (RLIN) 18587
245 10 - MENCIÓN DE TÍTULO
Título Faïences de France
Mención de responsabilidad, etc. Emile Tilmans ; préface de Fernand Guey.
260 ## - PUBLICACIÓN, DISTRIBUCIÓN, ETC.
Lugar de publicación, distribución, etc. París
Nombre del editor, distribuidor, etc. Deux-Mondes
Fecha de publicación, distribución, etc. c1954
300 ## - DESCRIPCIÓN FÍSICA
Extensión 308 p.
Otras características físicas il. (algunas a color), 251 láminas
Dimensiones 31 cm.
500 ## - NOTA GENERAL
Nota general Incluye tabla cronológica e índice de láminas
500 ## - NOTA GENERAL
Nota general S8
650 14 - PUNTO DE ACCESO ADICIONAL DE MATERIA--TÉRMINO DE MATERIA
Término de materia o nombre geográfico como elemento de entrada Cerámica
Subdivisión geográfica Francia
9 (RLIN) 18588
700 1# - PUNTO DE ACCESO ADICIONAL--NOMBRE DE PERSONA
Nombre de persona Guey, Fernand
Término indicativo de función/relación Pref.
9 (RLIN) 18589
902 ## - CATALOGADOR
Iniciales GFM
942 ## - ELEMENTOS DE PUNTO DE ACCESO ADICIONAL (KOHA)
Fuente del sistema de clasificación o colocación Library of Congress Classification
Tipo de ítem Koha Libros
Holdings
Estado de retiro Estado de pérdida Estado dañado No para préstamo Localización permanente Ubicación/localización actual Fecha de adquisición Número de inventario Total de préstamos Signatura topográfica completa Código de barras Fecha visto por última vez Precio válido a partir de Tipo de ítem Koha
El ejemplar forma parte de la colección y puede ser consultado según las políticas vigentes.       Biblioteca del Museo Franz Mayer (Rogerio Casas-Alatriste) Biblioteca del Museo Franz Mayer (Rogerio Casas-Alatriste) 30/05/2013 S8   NK4305 .T55 1954 (S8) 8145 22/03/2019 22/03/2019 Libros